Extension of AASHO road test performance concepts /

Bibliographic Details
Main Author: Harr, Milton Edward, 1925-
Other Authors: Head, W. J.
Format: Book
Language:English
Published: [Washington] : Highway Research Board, 1966.
Series:Publication (National Research Council (U.S.)) ; no. 1475.
Report (National Cooperative Highway Research Program) ; 30.
Subjects:

MARC

Tag First Indicator Second Indicator Subfields
LEADER 00000cam a22000001 4500
001 in00000142001
005 20151002071737.0
008 740813s1966 dcu b 00010 eng
010 |a  66062660  
035 |a (OCoLC)02282810 
035 |9 AAQ1907AM 
040 |a DLC  |c DLC  |d TXA  |d UtOrBLW 
049 |a TXAM  |c [521156] 
050 0 0 |a TE7  |b .N25 no. 30 
082 0 |a 625.8 
100 1 |a Harr, Milton Edward,  |d 1925- 
245 1 0 |a Extension of AASHO road test performance concepts /  |c [by] M. E. Harr and W. J. Head. 
264 1 |a [Washington] :  |b Highway Research Board,  |c 1966. 
300 |a 24 pages ;  |c 28 cm. 
336 |a text  |b txt  |2 rdacontent 
337 |a unmediated  |b n  |2 rdamedia 
338 |a volume  |b nc  |2 rdacarrier 
490 1 |a National Cooperative Highway Research Program. Report ;  |v 30 
490 1 |a NAS-NRC publication 1475 
504 |a Bibliography: page 8. 
650 0 |a Pavements  |x Testing. 
650 0 |a Test roads. 
700 1 |a Head, W. J. 
830 0 |a Publication (National Research Council (U.S.)) ;  |v no. 1475. 
830 0 |a Report (National Cooperative Highway Research Program) ;  |v 30. 
999 |a MARS 
999 f f |s 80c3156d-5325-3af3-b54c-cb2973eddb67  |i 7241ec91-8c30-36da-859e-a08b93e7858b  |t 0 
952 f f |p ric  |a Texas A&M University  |b Rellis Campus  |c Joint Library Facility  |d Remote Storage  |t 0  |e TE7 .N25 no.30  |h Library of Congress classification  |i unmediated -- volume  |m A14805383078 
998 f f |a TE7 .N25 no.30  |t 0  |l Remote Storage